000 00384 a2200157 4500
001 149268
040 _cEscola São Tomás de Aquino
100 _aLOBATO, Monteiro
240 1 0 _aEmília no país da gramática
_lpor
245 1 0 _aEmília no país da gramática
300 _a68
362 0 _a1992
440 1 _aBrasiliense
697 _a*LITERATURA INFANTO JUVENIL
942 _cBK
999 _c149268
_d149268